000 00867nam a2200253Ia 4500
003 OSt
005 20220923221752.0
006 a|||||r|||| 00| 0
007 ta
008 220922b |||||||| |||| 00| 0 hin d
024 _a199,958
037 _cTextual
040 _aARTS
_cARTS
_bhin
041 _2hin
_ahin
082 _aO152:g(Q224), M4
100 _aप्रजापति, आर0 एस0
_9160419
245 0 _aरामानन्द सम्प्रदाय और साहित्य
246 _aRāmānanda sampradāya aur sāhitya
260 _aआगरा
_b प्रगति प्रकाशन
_c1984
300 _a344पृ.
_ccm.
650 _aहिन्दी साहित्य
_9156264
942 _hO152:g(Q224), M4
_cTEXL
_2CC
999 _c351660
_d351660